Culture Générale - Clic Quiz - La réponse est un aliment - Statistiques

Statistiques générales
  • Ce quiz a été pris 596 fois
  • Le résultat moyen est 15 sur 20
Statistiques - réponses
Hint Réponse % Correct
Compléte le titre de la série télévisée française de 200 épisodes de 26 minutes, diffusé dans les années 90 sur TF1 : "Le ...et les Abeilles " Miel
92%
Compléte le titre de la chanson de Lio : "Les brunes comptent pas pour des ..." Prune
92%
Compléte cette expression pour qualifier une personne ayant un quotient intellectuel proche de zéro : " avoir le QI d'une ..." Huître
91%
Œuvre sans valeur, plus couramment un film que son spectateur regarde sans en éprouver de plaisir Navet
88%
Compléte le titre français de deux séries télévisées : la série britannique The Avengers et sa suite, la série franco-canado-britannique The New Avengers, mélangeant espionnage, science-fiction et action : "Chapeau ... et bottes de cuir" Melon
87%
Commune située dans la banlieue sud-est de Marseille Cassis
85%
Surnom donné aux Néo-Zélandais Kiwi
84%
Personne qui vit de la prostitution des femmes Maquereau
84%
Basketteur champion olympique 2024 (entre autres) à Paris avec les USA en marquant quatre fois à trois points dans les deux dernières minutes de la finale face à la France Curry
82%
La douleur en anglais Pain
82%
Nom du personnage principal des séries télévisées d'animation Nickelodeon les Razmoket : Thomas « Tommy » ... (Pickles en anglais) Cornichon
81%
Familièrement, on en pose quand on va à la selle Pêche
79%
Egérie de Groupama depuis 2005 Cerise
76%
Film biographique français sur un clown joué par Omar Sy, réalisé par Roschdy Zem, sorti en 2016 Chocolat
74%
Commune française, située dans le département de l’Orne, célèbre en tant que berceau de cette spécialité normande Camembert
73%
Coup de poing et aussi électrisation dans le jargon des électriciens Châtaigne
69%
Compléte un Compte baptisé «.... Ruisseau » créé sur Twitter en septembre 2021, désormais X, se voulant parodique, il publie des blagues sarcastiques visant à tourner en dérision les prises de position de la femme politique Sandrine Rousseau Sardine
65%
Nom de famille de Fernando le compagnon de cellule de Michael Scofield dans la série Prison Break Sucre
55%
Autain, Célarié, Sarlat ou encore Igou Clémentine
51%
Ration quotidienne de Léon joué par Jean Reno dans le film Léon de Luc Besson de 1994 Lait
46%
Aucun quiz correspondant
Distribution des résultats
% des personnes avec chaque résultat
Percentile par nombre de réponses
Votre historique - résultats
Vous n’avez pas pris ce quiz